000 00927cam a2200277 4500
001 M910
008 090401t1990 xxu||||| |||| 00| 0 eng d
035 _a(Sirsi) u6339
041 _aeng
050 _a333.332
090 _aRICS 1990/54ABCD
110 _aRoyal Institution of Chartered Surveyors
_94900
245 _aHouse buyers report and valuation: inspection report.
250 _a4th ed.
260 _aLondon
_bRICS Books
_c1990
300 _a6 forms in folder ; 30cm
350 _a0
520 _aSUPERSEDED: Replaced by the Home Buyers` Survey and Valuation (RICS 1993/55). General Practice Division. - Tripartite forms.
650 _aRICS HOMEBUYER SURVEY AND VALUATION
650 _aMORTGAGE VALUATION
650 _aBUILT ENVIRONMENT-BUILDING SURVEYING-STRUCTURAL SURVEYING
650 _aSurvey reports
_96270
690 _aBUILT ENVIRONMENT-BUILDING INSPECTION
942 _n0
948 _c04/03/1997
999 _c86278
_d86278